000 01304cam a2200277 4500
008 000000n2000 000 0 eng u
020 _a1859785530
035 _a(Sirsi) u107252
050 _a692.8
100 _aHackett, Jeremy
245 _aConstruction claims : current practice and case management.
260 _aLondon
_bLLP Publishing
_c2000
300 _axvi, 323p. ; 24cm.
350 _a65.00
490 _aLLP Practical Construction Guides
520 _aThis book provides an insight into the realities of construction claims and deals with the interface of the commercial and legal worlds citing over 100 cases. Flowcharts mapping the way through the new statutory Adjudication and Payment procedures of the HGCR Act 1996 as well as the stages to be followed in a typical "multi-track" litigation under the new Civil Procedures Rules are also included.
650 _aBUILT ENVIRONMENT-BUILDING CONTRACT FORMS
650 _aCONSTRUCTION CLAIMS
650 _aContracts
_96232
650 _aJCT
650 _aLITIGATION
650 _aMANAGEMENT-DISPUTE AVOIDANCE, MANAGEMENT AND RESOLUTION-DISPUTE MANAGEMENT AND RESOLUTION-ARBITRATION
650 _aHOUSING GRANTS CONSTRUCTION AND REGENERATION ACT 1996
690 _aBUILT ENVIRONMENT-BUILDING CONTRACT FORMS
942 _n0
999 _c100671
_d100671